000 00431nam a2200169Ia 4500
008 170203s9999 xx 000 0 und d
020 _a9780746077290
050 _aFic
050 _b.C877f 2006
100 _aCox, Phil Roxbee
245 _aFrog on a log /
245 _cPhil Roxbee Cox, illustrator, Stephen Cartwright
260 _bUsborne
260 _c2006
300 _a16 pages ;
440 _aUsborne Phonics Readers
999 _c306020
_d306020